Olivia Rodrigo song lyrics - No hints ! @5 - Statistics

General Stats
  • This quiz has been taken 79 times
    78 since last reset
  • The average score is 226 of 301
Answer Stats
Answer % Correct
I
100%
(I
100%
you
89%
you?
89%
you)
89%
we
84%
We
84%
when
84%
A
82%
Do
82%
do
82%
love
82%
the
82%
your
82%
you're
82%
You're
82%
And
79%
and
79%
be
79%
for
79%
her
79%
know
79%
my
79%
on
79%
She
79%
she
79%
that
79%
That
79%
but
76%
But
76%
cream
76%
déjà
76%
did
76%
get
76%
Girl"
76%
girl
76%
ice
76%
it
76%
she's
76%
Strawberry
76%
think
76%
to
76%
vu
76%
vu?
76%
vu!
76%
was
76%
who
76%
all
74%
bet
74%
how
74%
How
74%
in
74%
In
74%
is
74%
it's
74%
One
74%
one
74%
say
74%
so
74%
So
74%
tell
74%
too?
74%
too
74%
with
74%
Billy
71%
'bout
71%
'Cause
71%
Laughing
71%
looks
71%
Malibu
71%
Oh
71%
our
71%
small
71%
special
71%
thinks
71%
two
71%
used
71%
call
68%
doesn't
68%
even
68%
everything
68%
friends
68%
gonna
68%
jackets
68%
Joel
68%
just
68%
knows
68%
like
68%
name
68%
Play
68%
same
68%
Singing
68%
singing
68%
spoon
68%
trading
68%
type
68%
"Uptown
68%
about
66%
(Ah)
66%
(Ah-ah-ah-ah)
66%
between
66%
Car
66%
Don't
66%
hate
66%
honest
66%
kinda
66%
let's
66%
new
66%
Now
66%
now
66%
of
66%
piano
66%
played
66%
Played
66%
rides
66%
sound
66%
together
66%
unique
66%
(Yeah
66%
act
63%
bragging
63%
chorus
63%
didn't
63%
first
63%
harmony
63%
jokes
63%
nothing
63%
place
63%
reused
63%
reused)
63%
Being
61%
different
61%
saying
61%
talked
61%
taught
61%
there's
61%
verse
61%
Another
58%
found
58%
shit
58%
show
58%
actress
55%
annoying
55%
made
55%
Almost
53%
Glee
53%
reruns
53%
songs
53%
Watching
53%
huh?
45%
hmm
29%
No matching quizzes found
Score Distribution
Percent of People with Each Score
Percentile by Number Answered
Your Score History
You have not taken this quiz since the last reset